| 000 | 00726nam a2200193Ii 4500 | ||
|---|---|---|---|
| 003 | JO-AjNU | ||
| 008 | 230605s9999||||xx |||||||||||||| ||und|| | ||
| 040 |
_aJO-AjNU _bara _erda _cJO-AjNU |
||
| 041 | _aara | ||
| 050 | 1 | 4 | _aHG1707.S24 1998 |
| 100 | 3 |
_aتأليف: الصعيدي، ابراهيم احمد, _eauthor _99100 |
|
| 245 | 0 | 0 | _aالنظام المحاسبي في المنشآت المالية: ينوك ، شركات تأمين |
| 264 | 3 | 1 | _aد.م: د.ن ، 1998 |
| 300 |
_a519ص _bيحتوي على ببلوغرافية من 517-519ص |
||
| 336 |
_atext _btxt _2rdacontent |
||
| 337 |
_aunmediated _bn _2rdamedia |
||
| 338 |
_avolume _bnc _2rdacarrier |
||
| 650 | 4 |
_aالمنشآت المالية - محاسبة _99101 |
|
| 999 |
_aA1126 _c4694 _d4694 |
||